Pierre Bourdieu : κοινωνιολογία της παιδείας : δέκα ανακοινώσεις
Αποθηκεύτηκε σε:
| Άλλοι συγγραφείς: | , |
|---|---|
| Μορφή: | Βιβλίο |
| Γλώσσα: | Greek |
| Δημοσίευση: |
Αθήνα :
Καρδαμίτας, Δελφίνι,
1995
|
| Θέματα: | |
| Ετικέτες: |
Προσθήκη ετικέτας
Δεν υπάρχουν, Καταχωρήστε ετικέτα πρώτοι!
|
MARC
| LEADER | 00000cam a2200000 i 4500 | ||
|---|---|---|---|
| 001 | 1/12482 | ||
| 008 | 971021s1995 gre d | ||
| 035 | |1 ΠΑΡ |a 1997 |l 10018648 | ||
| 040 | |a GR-MY-UA |b gre |e aacr | ||
| 041 | 0 | |a gre | |
| 082 | 0 | |a 370.19 | |
| 245 | 1 | 0 | |a Pierre Bourdieu : |b κοινωνιολογία της παιδείας : δέκα ανακοινώσεις / |c Συντονισμός-επιμέλεια Ιωάννα Λαμπίρη-Δημάκη σε συνεργασία με τον Νίκο Παναγιωτόπουλο |
| 260 | |a Αθήνα : |b Καρδαμίτας, |b Δελφίνι, |c 1995 | ||
| 300 | |a 177 σ.; |c 25 εκ. | ||
| 500 | |a Το βιβλίο αυτό περιλαμβάνει τις δέκα ανακοινώσεις που έγιναν κατά την ημερίδα για τον Pierre Bourdieu και στην Κοινωνιολογία της Παιδείας στις 15 Μαίου 1993, στην Αθήνα | ||
| 504 | |a Περιέχει βιβλιογραφία | ||
| 600 | 1 | 0 | |a Bourdieu, Pierre, |d 1930-2002. |
| 650 | 0 | 0 | |a Educational sociology. |
| 700 | 1 | |a Λαμπίρη-Δημάκη, Ιωάννα, |d 1935-2004. |4 edt | |
| 700 | 1 | |a Παναγιωτόπουλος, Νίκος, |d 1962- |4 edt | |
| 852 | |a INST |b LESVOS |e 19971021 |h 370.19 PIE |p 005100009200 |q 005100009200 |t BK |y 0 | ||
| 852 | |a INST |b LESVOS |e 20031024 |h 370.19 PIE |p 005100029692 |q 005100029692 |t BK |y 0 | ||
| 901 | |a BIBL1-2003-3 | ||
| 909 | |a Λ |b 040616 | ||
| 909 | |a Λ |b 099629 | ||
| 920 | |a ΕΠΕΑΕΚ Κοινωνιολογίας |y Λέσβος |z 2002-01 | ||
| 922 | |a 1ΕΛΗ |b 199504 |c Μπακαλάκη |d Κακουλίδης | ||
| 950 | |a 169/1996-02-06 | ||